000 00657nam a2200277Ia 4500
005 20260320195716.0
008 008 262003s9999 xx 000 0 hin d
020 _a9788183611626
037 _aEBOOK
040 _aCRL
040 _bhin
040 _cCRL
041 _2hin
041 _ahin
084 _qCRL
100 _aमहाश्वेता देवी
_91132875
245 0 _aअक्लांत कौरव
250 _a5th
260 _bRajkamal
260 _c1998
300 _a115
856 _uhttps://ebook.indiaread.in/pdfs/9788183611626.pdf
942 _cEBOOK
999 _c1716060
_d1716060